[Event "Avoine op 28th"]
[Site "Avoine"]
[Date "2013.07.24"]
[Round "5"]
[White "Manea, Alexandru"]
[Black "Bouvet, Laurent"]
[Result "1-0"]
[WhiteElo "2389"]
[BlackElo "2127"]
[PlyCount "153"]
[EventDate "2013.07.20"]
[EventType "swiss"]
[EventRounds "9"]
[EventCountry "FRA"]
[SourceTitle "CBM 155 Extra"]
[Source "ChessBase"]
[SourceDate "2013.08.26"]
[SourceVersion "1"]
[SourceVersionDate "2013.08.26"]
[SourceQuality "1"]

1. c4 Nf6 2. Nc3 g6 3. Nf3 Bg7 4. d4 0-0 5. g3 d6 6. Bg2 Nbd7 7. 0-0 e5 8. e4 Re8 9. d5 Nc5 10. Qc2 a5 11. Be3 Ng4 12. Bxc5 dxc5 13. Rad1 f5 14. Rfe1 Nh6 15. Nb5 fxe4 16. Nd2 Bg4 17. Rb1 c6 18. Nc3 cxd5 19. Nxd5 Be6 20. Nxe4 Bxd5 21. cxd5 b6 22. a4 Nf5 23. Qc4 Nd6 24. Nxd6 Qxd6 25. Be4 Rf8 26. h4 Ra7 27. Re2 Raf7 28. Kg2 h5 29. Rd1 Rf6 30. Rd3 Kh8 31. Rb3 R8f7 32. Qc2 Rf8 33. Qc4 R8f7 34. Rf3 Bf8 35. Qc3 Bg7 36. Qd3 Rf8 37. Qc4 R8f7 38. Rxf6 Rxf6 39. Qb5 Qd8 40. Qd3 Qd6 41. Qb5 Qd8 42. Rc2 Bf8 43. Qd3 Kg7 44. Rc3 Bd6 45. Qb5 Be7 46. Rd3 Rd6 47. Rf3 Bf6 48. Rb3 Be7 49. Rf3 Bf6 50. Rd3 Be7 51. Rd1 Bf6 52. Qc4 Be7 53. Bc2 Rf6 54. Qb5 Rd6 55. Qe2 Rxd5 56. Qe4 Rxd1 57. Qxg6+ Kf8 58. Qh6+ Kg8 59. Qh7+ Kf8 60. Qh8+ Kf7 61. Qxh5+ Kg7 62. Qh7+ Kf8 63. Qh6+ Ke8 64. Qh5+ Kf8 65. Qxd1 Qd4 66. Qxd4 cxd4 67. Kh3 Kg7 68. g4 Bb4 69. g5 Be1 70. f3 Bd2 71. Kg4 Bc1 72. b3 Bd2 73. h5 Be3 74. h6+ Kf7 75. Kh5 Bf4 76. Bd3 Kg8 77. g6 1-0

[Event "FRA-chT3 Gr06 0607"]
[Site "France"]
[Date "2007.01.21"]
[Round "5.3"]
[White "Bouvet, Laurent"]
[Black "Hydouin, Jean"]
[Result "0-1"]
[WhiteElo "2121"]
[BlackElo "2140"]
[PlyCount "84"]
[EventDate "2006.10.15"]
[EventType "team"]
[EventRounds "9"]
[EventCountry "FRA"]
[SourceTitle "EXT 2008"]
[Source "ChessBase"]
[SourceDate "2007.11.25"]
[SourceVersion "1"]
[SourceVersionDate "2007.11.25"]
[SourceQuality "1"]
[WhiteTeam "Douarnenez"]
[BlackTeam "Vitre"]
[WhiteTeamCountry "FRA"]
[BlackTeamCountry "FRA"]

1. e4 c5 2. Nf3 d6 3. d4 cxd4 4. Nxd4 Nf6 5. Nc3 a6 6. Bg5 e6 7. f4 Qc7 8. Qf3 b5 9. 0-0-0 b4 10. Na4 Nbd7 11. g4 Bb7 12. Bxf6 Nxf6 13. Bd3 g6 14. b3 Bg7 15. Rhe1 Nd7 16. Qf2 Nc5 17. Nb2 0-0-0 18. f5 d5 19. exd5 exd5 20. f6 Bh6+ 21. Kb1 Rhe8 22. h4 Ne4 23. Bxe4 dxe4 24. g5 Bf8 25. Na4 h5 26. Qe3 Bd6 27. Ne2 Kb8 28. c4 bxc3 29. Nexc3 Bg3 30. Rh1 Bf4 31. Qc5 e3 32. Rxd8+ Rxd8 33. Re1 Qxc5 34. Nxc5 Rd2 35. Re2 Bf3 36. Rxd2 exd2 37. Kc2 a5 38. N5e4 d1Q+ 39. Nxd1 Bxe4+ 40. Kc3 Kb7 41. Kd4 Bf3 42. Nc3 Kb6 0-1

[Event "Fouesnant op 12th"]
[Site "Fouesnant"]
[Date "2006.10.29"]
[Round "3"]
[White "Bojkov, Dejan"]
[Black "Bouvet, Laurent"]
[Result "1-0"]
[WhiteElo "2447"]
[BlackElo "2100"]
[PlyCount "77"]
[EventDate "2006.10.28"]
[EventType "swiss"]
[EventRounds "9"]
[EventCountry "FRA"]
[SourceTitle "EXT 2008"]
[Source "ChessBase"]
[SourceDate "2007.11.25"]
[SourceVersion "1"]
[SourceVersionDate "2007.11.25"]
[SourceQuality "1"]

1. e4 Nf6 2. e5 Nd5 3. d4 d6 4. Nf3 g6 5. Bc4 Nb6 6. Bb3 Bg7 7. h3 Nc6 8. Qe2 0-0 9. Nc3 h6 10. 0-0 d5 11. a4 a5 12. Nb5 e6 13. c3 Ne7 14. Bc2 Bd7 15. b3 c6 16. Nd6 Qc7 17. Ba3 Nbc8 18. c4 Rd8 19. Rac1 Be8 20. c5 Qd7 21. Nh2 Nxd6 22. cxd6 Nc8 23. f4 f5 24. g4 Bf7 25. Kh1 Kh8 26. Rg1 Rg8 27. Rg2 Qe8 28. Rcg1 Nb6 29. Qf2 Nd7 30. Nf3 Nf8 31. Rg3 Nd7 32. R1g2 Qf8 33. Qg1 Rc8 34. gxf5 gxf5 35. Nh4 Bh5 36. Bd1 Be8 37. Ng6+ Bxg6 38. Rxg6 Re8 39. Bh5 1-0

[Event "Fouesnant op 11th"]
[Site "Fouesnant"]
[Date "2005.10.23"]
[Round "2"]
[White "Delaire, Eric"]
[Black "Bouvet, Laurent"]
[Result "1/2-1/2"]
[WhiteElo "1900"]
[BlackElo "2073"]
[PlyCount "69"]
[EventDate "2005.10.22"]
[EventType "swiss"]
[EventRounds "9"]
[EventCountry "FRA"]
[SourceTitle "EXT 2007"]
[Source "ChessBase"]
[SourceDate "2006.11.23"]
[SourceVersion "1"]
[SourceVersionDate "2006.11.23"]
[SourceQuality "1"]

1. e4 Nf6 2. e5 Nd5 3. d4 d6 4. c4 Nb6 5. f4 g6 6. Nc3 Bg7 7. Be3 0-0 8. Qd2 d5 9. cxd5 Nxd5 10. Be2 c6 11. Nf3 b6 12. 0-0 Ba6 13. Ng5 Qd7 14. Rf3 f6 15. e6 Qc8 16. Nxd5 cxd5 17. Rc1 Qb7 18. Nf7 Rc8 19. Rxc8+ Qxc8 20. f5 Bxe2 21. Qxe2 g5 22. Rh3 Nd7 23. exd7 Qxd7 24. Nxg5 fxg5 25. Qg4 Rf8 26. Rf3 Qa4 27. b3 Qb4 28. Rf1 Kh8 29. h4 gxh4 30. Qxh4 Bf6 31. Qh6 Rg8 32. Qf4 Qc3 33. Rc1 Qb2 34. Qf2 Qxf2+ 35. Kxf2 1/2-1/2

[Event "FRA-chT3 0405"]
[Site "France"]
[Date "2004.12.05"]
[Round "3.3"]
[White "Bouvet, Laurent"]
[Black "Jubin, Thierry"]
[Result "1-0"]
[WhiteElo "2043"]
[BlackElo "1810"]
[PlyCount "68"]
[EventDate "2004.10.10"]
[EventType "team"]
[EventRounds "9"]
[EventCountry "FRA"]
[SourceTitle "EXT 2007"]
[Source "ChessBase"]
[SourceDate "2006.11.23"]
[SourceVersion "1"]
[SourceVersionDate "2006.11.23"]
[SourceQuality "1"]

1. e4 c6 2. d4 d5 3. e5 Bf5 4. Nc3 e6 5. g4 Bg6 6. Nge2 Bb4 7. Bg2 Nd7 8. 0-0 Qh4 9. Ng3 h5 10. g5 Ne7 11. Nce2 f6 12. c3 Ba5 13. f4 0-0-0 14. gxf6 gxf6 15. Qe1 Bb6 16. Kh1 Rdg8 17. Ng1 Bf5 18. b3 Rg6 19. Ba3 c5 20. Rc1 Rhg8 21. N1e2 Bd3 22. Rg1 fxe5 23. fxe5 Bxe2 24. Nxe2 Qxe1 25. Rcxe1 Nf5 26. Nf4 Rh6 27. Bh3 Rf8 28. Ng6 cxd4 29. Bxf8 Nxf8 30. Nxf8 dxc3 31. Nxe6 Nh4 32. Rg8+ Kd7 33. Nf4+ Ke7 34. Nxd5+ Kf7 1-0

[Event "FRA-chT4 0304"]
[Site "Bretagne"]
[Date "2003.11.16"]
[Round "2"]
[White "Bouvet, Laurent"]
[Black "Bodenez, Vincent"]
[Result "0-1"]
[WhiteElo "2075"]
[BlackElo "2120"]
[PlyCount "64"]
[EventDate "2003.10.12"]
[EventType "team"]
[EventRounds "9"]
[EventCountry "FRA"]
[SourceTitle "EXT 2005"]
[Source "ChessBase"]
[SourceDate "2004.11.15"]
[SourceVersion "1"]
[SourceVersionDate "2004.11.15"]
[SourceQuality "1"]

1. e4 e6 2. d4 d5 3. Nc3 Bb4 4. e5 c5 5. a3 Bxc3+ 6. bxc3 Qa5 7. Bd2 Qa4 8. Qg4 g6 9. Kd1 Nc6 10. Nf3 Bd7 11. Bd3 0-0-0 12. Qf4 c4 13. Be2 Rf8 14. Ng5 f6 15. h4 h6 16. Nh3 Qb5 17. Kc1 Qa5 18. Bf3 g5 19. Qe3 fxe5 20. dxe5 Rf5 21. hxg5 Rxe5 22. Qf4 hxg5 23. Qg3 Nge7 24. Rd1 Rg8 25. Bh5 Nf5 26. Qf3 Qd8 27. g4 Nd6 28. Be3 Rf8 29. Qg2 Qa5 30. Bd4 Nxd4 31. cxd4 Qc3 32. Ra2 Re1 0-1

[Event "Fouesnant op 08th"]
[Site "Fouesnant"]
[Date "2002.10.31"]
[Round "8.9"]
[White "Alanic, Mickael"]
[Black "Bouvet, Laurent"]
[Result "1-0"]
[WhiteElo "2077"]
[BlackElo "2210"]
[PlyCount "93"]
[EventDate "2002.10.26"]
[EventType "swiss"]
[EventRounds "9"]
[EventCountry "FRA"]
[SourceTitle "EXT 2003"]
[Source "ChessBase"]
[SourceDate "2002.11.25"]
[SourceVersion "1"]
[SourceVersionDate "2002.11.25"]
[SourceQuality "1"]

1. e4 c5 2. f4 Nc6 3. Bc4 g6 4. Nf3 Bg7 5. 0-0 d6 6. d3 e6 7. Nc3 Nge7 8. Qe1 a6 9. f5 gxf5 10. Qh4 b5 11. Bb3 Ng6 12. Qh5 Nd4 13. Ng5 Nxb3 14. axb3 h6 15. Nxe6 Bxe6 16. exf5 Qh4 17. Qxh4 Nxh4 18. fxe6 fxe6 19. Nxb5 Ke7 20. Nc3 Bd4+ 21. Kh1 Rhg8 22. g3 Nf5 23. Bf4 h5 24. Rae1 Kd7 25. Na4 Raf8 26. Nb6+ Kc6 27. Nc4 h4 28. gxh4 Nxh4 29. Bxd6 Rxf1+ 30. Rxf1 Nf5 31. Bf4 Rf8 32. Re1 Nh4 33. Bg3 Nf5 34. Rxe6+ Kd7 35. Re2 Rh8 36. Kg2 Rg8 37. Re4 Bf6 38. c3 Nh4+ 39. Kf2 Rf8 40. Ke2 Nf5 41. Nb6+ Kc6 42. Re6+ Kb5 43. Nc4 Nxg3+ 44. hxg3 Bd8 45. Na3+ Ka5 46. Rc6 Be7 47. Nc4+ 1-0

[Event "Fouesnant op 08th"]
[Site "Fouesnant"]
[Date "2002.10.28"]
[Round "4.8"]
[White "Bleuzen, Cedric"]
[Black "Bouvet, Laurent"]
[Result "0-1"]
[WhiteElo "2041"]
[BlackElo "2210"]
[PlyCount "44"]
[EventDate "2002.10.26"]
[EventType "swiss"]
[EventRounds "9"]
[EventCountry "FRA"]
[SourceTitle "EXT 2003"]
[Source "ChessBase"]
[SourceDate "2002.11.25"]
[SourceVersion "1"]
[SourceVersionDate "2002.11.25"]
[SourceQuality "1"]

1. d4 Nf6 2. c4 g6 3. Nc3 d5 4. e3 Bg7 5. Nf3 0-0 6. Be2 c5 7. 0-0 Nc6 8. dxc5 dxc4 9. Bxc4 Qa5 10. Qe2 Qxc5 11. Rd1 Bg4 12. Bb3 Ne5 13. h3 Nxf3+ 14. gxf3 Bxh3 15. Kh2 Qh5 16. Rh1 Bf1+ 17. Kg1 Bxe2 18. Rxh5 Nxh5 19. Nxe2 Rfd8 20. Rb1 a5 21. a4 Rac8 22. Kg2 Bxb2 0-1

[Event "Guingamp op 6th"]
[Site "Guingamp"]
[Date "2002.04.19"]
[Round "6"]
[White "Bouvet, Laurent"]
[Black "Bollore, Jacques"]
[Result "1/2-1/2"]
[WhiteElo "2110"]
[BlackElo "2153"]
[PlyCount "92"]
[EventDate "2002.04.16"]
[EventType "swiss"]
[EventRounds "7"]
[EventCountry "FRA"]
[SourceTitle "EXT 2003"]
[Source "ChessBase"]
[SourceDate "2002.11.25"]
[SourceVersion "1"]
[SourceVersionDate "2002.11.25"]
[SourceQuality "1"]

1. e4 c5 2. Nf3 Nc6 3. d4 cxd4 4. Nxd4 Nf6 5. Nc3 e5 6. Ndb5 d6 7. a4 a6 8. Na3 Be6 9. Bc4 Rc8 10. Be3 Bxc4 11. Nxc4 Nd4 12. Bxd4 Rxc4 13. Be3 Qa5 14. 0-0 Be7 15. Qd3 Qc7 16. Bg5 Qc6 17. Bxf6 Bxf6 18. a5 0-0 19. Nd5 Bd8 20. c3 f5 21. f3 f4 22. Rfd1 Kh8 23. Kh1 Qc8 24. Ra3 Re8 25. Rda1 Re6 26. b3 Rc6 27. c4 Rh6 28. Ra4 Bh4 29. Kg1 Qb8 30. R4a2 Qa7+ 31. Kh1 Bg3 32. h3 Bf2 33. Ne7 Rc7 34. Nf5 Rf6 35. b4 g6 36. Nxd6 Rd7 37. Qc2 Rfxd6 38. Qxf2 Rd1+ 39. Rxd1 Rxd1+ 40. Kh2 Qxf2 41. Rxf2 Rb1 42. b5 axb5 43. cxb5 Rxb5 44. Ra2 Kg7 45. a6 bxa6 46. Rxa6 h5 1/2-1/2

[Event "Guingamp op 6th"]
[Site "Guingamp"]
[Date "2002.04.17"]
[Round "3"]
[White "Bagheri, Amir"]
[Black "Bouvet, Laurent"]
[Result "1-0"]
[WhiteElo "2424"]
[BlackElo "2110"]
[PlyCount "49"]
[EventDate "2002.04.16"]
[EventType "swiss"]
[EventRounds "7"]
[EventCountry "FRA"]
[SourceTitle "EXT 2003"]
[Source "ChessBase"]
[SourceDate "2002.11.25"]
[SourceVersion "1"]
[SourceVersionDate "2002.11.25"]
[SourceQuality "1"]

1. c4 Nf6 2. Nc3 g6 3. d4 Bg7 4. e4 d6 5. Be2 0-0 6. Bg5 Na6 7. h4 Qe8 8. h5 e5 9. d5 Bd7 10. g4 Nc5 11. f3 a5 12. Be3 Qe7 13. Nh3 Ne8 14. Nf2 b6 15. Qd2 c6 16. Rh2 Nc7 17. 0-0-0 Rad8 18. hxg6 hxg6 19. Rdh1 cxd5 20. cxd5 Be8 21. Rh7 f6 22. Bh6 Rf7 23. Bxg7 Rxg7 24. Rh8+ Kf7 25. Qh6 1-0

[Event "Guingamp op 6th"]
[Site "Guingamp"]
[Date "2002.??.??"]
[Round "5"]
[White "Lelong, Eric"]
[Black "Bouvet, Laurent"]
[Result "1/2-1/2"]
[WhiteElo "1980"]
[BlackElo "2110"]
[PlyCount "71"]
[EventDate "2002.04.16"]
[EventType "swiss"]
[EventRounds "7"]
[EventCountry "FRA"]
[SourceTitle "EXT 2003"]
[Source "ChessBase"]
[SourceDate "2002.11.25"]
[SourceVersion "1"]
[SourceVersionDate "2002.11.25"]
[SourceQuality "1"]

1. Nf3 Nf6 2. g3 g6 3. Bg2 Bg7 4. 0-0 0-0 5. c4 d6 6. Nc3 Nbd7 7. d3 e5 8. Rb1 Nh5 9. b4 h6 10. Bd2 f5 11. Ne1 Kh7 12. b5 Ndf6 13. a4 Qe7 14. Nc2 Rb8 15. Nb4 f4 16. Nbd5 Nxd5 17. Nxd5 Qf7 18. a5 g5 19. Be4+ Kh8 20. b6 axb6 21. axb6 c6 22. Nc7 Bh3 23. Bg2 Bxg2 24. Kxg2 g4 25. f3 gxf3+ 26. exf3 fxg3 27. hxg3 Nxg3 28. Kxg3 Qg6+ 29. Kf2 e4 30. dxe4 Qxe4 31. Be3 Rf5 32. Ke2 Qxc4+ 33. Qd3 Qa2+ 34. Qd2 Qc4+ 35. Qd3 Qa2+ 36. Qd2 1/2-1/2